Online Catalogue and eLibrary

Prema puranaya (Record no. 4911)

MARC details
000 -LEADER
fixed length control field 00372nam a2200157Ia 4500
005 - DATE AND TIME OF LATEST TRANSACTION
control field 20250310010546.0
008 - FIXED-LENGTH DATA ELEMENTS--GENERAL INFORMATION
fixed length control field 240331s9999 xx 000 0 und d
020 ## - INTERNATIONAL STANDARD BOOK NUMBER
ISBN 9558033065
082 ## - DDC Classification
Class No. 891
Item Number - Author Mark SUN
100 ## - MAIN ENTRY--PERSONAL NAME
Personal name Rajakarunanayake,S
245 #0 - TITLE STATEMENT
Title Prema puranaya
260 ## - PUBLICATION, DISTRIBUTION, ETC.
Place of publication, distribution, etc. Dehiawala
Name of publisher, distributor, etc. Vidarshan Publishers
Date of publication, distribution, etc. 1999
300 ## - PHYSICAL DESCRIPTION
Extent (e.g. Volumes, Pages etc.) 174 p .,
650 ## - SUBJECT ADDED ENTRY--TOPICAL TERM
Topical term or geographic name entry element Poems
942 ## - Koha item type (Biblio)
Koha item type Books in Stacks (Lending)
Holdings
Lost status Damaged status Collection code Home library Current library Shelving location Date acquired Accession Number Item type
    Lending WERC Library WERC Library Social Science Cupboard 03/31/2024 5470 Books in Stacks (Lending)

© WERC Library